Normal view MARC view
  • GALBRAITH,KENNETH JOHN

Entry Personal Name

Number of records used in: 1

001 - CONTROL NUMBER

  • control field: 134388

003 - CONTROL NUMBER IDENTIFIER

  • control field: NUST

005 - DATE AND TIME OF LATEST TRANSACTION

  • control field: 20260508141901.0

008 - FIXED-LENGTH DATA ELEMENTS

  • fixed length control field: 260508|| aca||aabn | a|a d

040 ## - CATALOGING SOURCE

  • Original cataloging agency: NUST
  • Transcribing agency: NUST

100 ## - HEADING--PERSONAL NAME

  • Personal name: GALBRAITH,KENNETH JOHN

670 ## - SOURCE DATA FOUND

  • Source citation: Work cat.: (NUST): GALBRAITH,KENNETH JOHN., THE GREAT CRASH 1929 THE AUTHOR OF THE AFFLUENT SOCIETY DISCUSSES THE ANATOMY OF FINANCIAL DISASTER AND PROVIDES AN INTRODUCTION WRITTEN FOR THIS EDITION /, 1954.
© 2023 Central Library, National University of Sciences and Technology. All Rights Reserved.